| 000 | 00533nab a2200157Ia 4500 | ||
|---|---|---|---|
| 003 | ES-SlBCS | ||
| 005 | 20210601142413.0 | ||
| 008 | 140529s1989 xxu||||| |||| 00| 0 spa d | ||
| 041 | _aspa | ||
| 100 | 1 |
_aGibbons, John H. _9156408 |
|
| 245 | 0 | 0 |
_aEstrategias para el uso de la energía _c John H. Gibbons, Peter D. Blair |
| 650 | 0 | 4 |
_aIngeniería-Economía _9269787 |
| 700 | 1 |
_aBlair, Peter D. _9269806 |
|
| 773 | 0 |
_tInvestigacion y Ciencia (Traducción de: Scientific American) _gnº. 158, 1989, págs. 94-102 _wRev1650 |
|
| 942 | _cAR | ||
| 999 |
_c676344 _d676344 |
||